Score 0/45 Timer 05:00
3 Plays Today
Clue 4-Letter Word % Correct
Greeting, in SpainHOLA
94.4%
Swiss cheese featureHOLE
94.4%
Clock soundTOCK
94%
DespiseHATE
94%
Foot coveringSOCK
93.9%
Gibson's 'What Women ___'WANT
93.7%
UnwellSICK
93.7%
Animator DisneyWALT
93.6%
007BOND
93.3%
The Rolling Stones, e.g.BAND
93%
Bathroom basinSINK
93%
Husband or wifeMATE
92.5%
Female horseMARE
92.4%
Score 52% on an examFAIL
92%
Former Berlin fixtureWALL
91.9%
Chilly seasonFALL
91.8%
Hermione Granger's weaponWAND
91.8%
Chip's chipmunk partnerDALE
91.8%
☆ Spanish painter Salvador ☆DALÍ
91.1%
StoleTOOK
90.6%
Valuable furMINK
90.6%
___-Bopp cometHALE
89.9%
Single ___ ScotchMALT
89.5%
Clue 4-Letter Word % Correct
Australia's 'Men at ___'WORK
88.7%
Neighbor to NigerMALI
87.3%
Terminate or discontinueHALT
86%
Sentence componentWORD
84.9%
Hammer or anvil, e.g.TOOL
84.7%
Hit playfully on the headBONK
81.8%
Ovine fabricWOOL
79.5%
Trilby and fez, e.g.HATS
78.4%
Swedish chef exclamationBORK
76.8%
☆ American painter Grant ☆WOOD
76%
Sean Penn biopicMILK
74.4%
☆ Dutch painter Frans ☆HALS
71.4%
The Adventures of ___ and OtisMILO
65%
Georgetown playerHOYA
62.7%
NYT columnist CollinsGAIL
60%
'Matilda' star WilsonMARA
59.2%
Paul Sorvino's acting daughterMIRA
58.1%
Gallop or trot, e.g.GAIT
57.5%
☆ Spanish painter Francisco ☆GOYA
55.4%
☆ Spanish painter Joan ☆MIRÓ
53.6%
A sandy abrasiveGRIT
43.2%
☆ Spanish painter Juan ☆GRIS
23.4%

Today's Daily Dose

Missing Word
'T' Pairs

Word Ladder
Game Pieces

Get the Picture
Baseball Movies

Remove Ads.
Support Sporcle.
Get the best of Sporcle when you Go Orange. This ad-free experience offers more features, more stats, and more fun while also helping to support Sporcle. Thank you for becoming a member.

You're not logged in!

Compare scores with friends on all Sporcle quizzes.
OR
Log In

Show Comments

Extras

Top Quizzes Today


Score Distribution

Your Account Isn't Verified!

In order to create a playlist on Sporcle, you need to verify the email address you used during registration. Go to your Sporcle Settings to finish the process.

Report this User

Report this user for behavior that violates our Community Guidelines.

Details: